[Event "DVM U14w 2017"]
[Site "Neumünster GER"]
[Date "2017.12.27"]
[Round "2"]
[White "Wolterink, Jule"]
[Black "Goetz, Fenja"]
[Result "1-0"]
[Termination "normal"]
[Board "5.3"]
[WhiteElo "1299"]
[BlackElo "1402"]
[WhiteTeam "SK Nordhorn-Blanke"]
[BlackTeam "SK Bad Homburg"]
[PlyCount "67"]
[WhiteFideId "12981206"]
[BlackFideId "16250516"]
[EventCountry "GER"]
[EventRounds "7"]
[EventType "team-swiss"]
[EventDate "2017.12.26"]

1. d4 d5 2. Bf4 Nf6 3. e3 Bf5 4. Nf3 e6 5. c3 c5 6. Be2 c4 7. Nbd2 Bd6 8. O-O
Bxf4 9. exf4 Qc7 10. Ne5 Nc6 11. Ndf3 O-O 12. Qd2 Ne4 13. Qc1 Rac8 14. Re1 Rfd8
15. Bd1 Ne7 16. Bc2 f6 17. Bxe4 dxe4 18. Nd2 fxe5 19. fxe5 Qc6 20. Re3 Nd5 21.
Rg3 Rf8 22. Qd1 Qd7 23. Qe2 Nf4 24. Qe3 Nd3 25. Rf1 Nxb2 26. Nxe4 Na4 27. Nf6+
Rxf6 28. exf6 Bg6 29. fxg7 Kxg7 30. Qe5+ Kg8 31. h4 Kf7 32. h5 Bd3 33. Rc1 Nb6
34. Rg7+ 1-0

[Event "DVM U14w 2017"]
[Site "Neumünster GER"]
[Date "2017.12.27"]
[Round "2"]
[White "Rahimova, Sarah"]
[Black "Hallfarth, Luise"]
[Result "1-0"]
[Termination "normal"]
[Board "5.4"]
[WhiteElo "1072"]
[BlackElo "1429"]
[WhiteTeam "SK Bad Homburg"]
[BlackTeam "SK Nordhorn-Blanke"]
[PlyCount "119"]
[WhiteFideId "16255801"]
[BlackFideId "16250222"]
[EventCountry "GER"]
[EventRounds "7"]
[EventType "team-swiss"]
[EventDate "2017.12.26"]

1. e4 e6 2. d4 d5 3. Nc3 c5 4. exd5 exd5 5. Nf3 Nc6 6. Bf4 Bg4 7. Bb5 Nf6 8.
O-O Bxf3 9. Qxf3 cxd4 10. Rfe1+ Be7 11. Ne2 Qb6 12. Nxd4 Qxd4 13. c3 Qb6 14.
Bxc6+ bxc6 15. Bd6 Ne4 16. Qf4 Rd8 17. Bc7 Qxb2 18. Bxd8 Kxd8 19. Rab1 Bd6 20.
Rxb2 Bxf4 21. Rb7 Re8 22. Rxf7 Bd2 23. Rb1 Nd6 24. Rb8+ Nc8 25. g3 Bxc3 26.
Rbb7 Re7 27. Rf8+ Re8 28. Rff7 Re7 29. Rf8+ Re8 30. Rff7 Ne7 31. Rxa7 d4 32.
Rf3 Kc8 33. a4 Kb8 34. Rd7 g5 35. Rd3 c5 36. Rd1 Nc6 37. Rb1+ Nb4 38. a5 Ka8
39. a6 d3 40. Rc1 Bd4 41. Kg2 d2 42. Rd1 Re1 43. Rxd2 Nxa6 44. Ra2 Ra1 45. Re2
Bf6 46. Re8+ Nb8 47. Rc8 c4 48. Rf7 c3 49. Rxf6 Rc1 50. Rfc6 Kb7 51. Rxc3 Rb1
52. R8c7+ Ka8 53. Ra3+ Na6 54. Rxa6+ Kb8 55. Raa7 h5 56. Rh7 Rc1 57. Rag7 Rc8
58. Ra7 Rd8 59. Ra5 h4 60. Rxg5 1-0

[Event "DVM U14w 2017"]
[Site "Neumünster GER"]
[Date "2017.12.27"]
[Round "2"]
[White "Bui, Ngoc Han Julia"]
[Black "Bardorz, Jana"]
[Result "1-0"]
[Termination "normal"]
[Board "6.1"]
[WhiteElo "1832"]
[BlackElo "1542"]
[WhiteTeam "SG Leipzig"]
[BlackTeam "SK Neumarkt"]
[PlyCount "79"]
[WhiteFideId "12977055"]
[BlackFideId "16208897"]
[EventCountry "GER"]
[EventRounds "7"]
[EventType "team-swiss"]
[EventDate "2017.12.26"]

1. e4 e5 2. Nf3 Nc6 3. Bb5 a6 4. Ba4 Nf6 5. d3 b5 6. Bb3 Be7 7. c3 O-O 8. O-O
d6 9. a4 b4 10. Nbd2 bxc3 11. bxc3 Na5 12. Bc2 c5 13. Qe2 Be6 14. Ba3 Qc7 15.
Rfd1 Rab8 16. Rab1 Rxb1 17. Rxb1 Rb8 18. d4 Rxb1+ 19. Bxb1 cxd4 20. cxd4 Qc3
21. Qd3 exd4 22. Nxd4 Qxd3 23. Bxd3 Bd7 24. Bb4 Nc6 25. Nxc6 Bxc6 26. a5 Bb7
27. e5 Ne8 28. Nc4 d5 29. Bxe7 dxc4 30. Bxc4 Nc7 31. f3 Nd5 32. Bc5 g5 33. Kf2
Kg7 34. Kg3 h5 35. h4 Kg6 36. Bd3+ f5 37. exf6+ Kxf6 38. Bd4+ Kf7 39. hxg5 Ne7
40. f4 1-0

[Event "DVM U14w 2017"]
[Site "Neumünster GER"]
[Date "2017.12.27"]
[Round "2"]
[White "Schilay, Maria"]
[Black "Oswald, Hannah"]
[Result "0-1"]
[Termination "normal"]
[Board "6.2"]
[WhiteElo "1331"]
[BlackElo "1637"]
[WhiteTeam "SK Neumarkt"]
[BlackTeam "SG Leipzig"]
[PlyCount "40"]
[WhiteFideId "12942979"]
[BlackFideId "16214960"]
[EventCountry "GER"]
[EventRounds "7"]
[EventType "team-swiss"]
[EventDate "2017.12.26"]

1. e4 e5 2. Nf3 Nc6 3. Nc3 Nf6 4. a3 d5 5. Bb5 d4 6. Ne2 Nxe4 7. Nxe5 Qd5 8.
Nxc6 bxc6 9. Ba4 Nc5 10. Bb3 Nxb3 11. cxb3 Qxg2 12. Ng3 d3 13. Rf1 Bd6 14. Qh5
O-O 15. f4 Re8+ 16. Kd1 g6 17. Qh4 Be7 18. Qh6 Bg4+ 19. Rf3 Bxf3+ 20. Ne2 Qxe2#
0-1

[Event "DVM U14w 2017"]
[Site "Neumünster GER"]
[Date "2017.12.27"]
[Round "2"]
[White "Burger, Radena"]
[Black "Heck, Jasmin"]
[Result "0-1"]
[Termination "normal"]
[Board "6.4"]
[WhiteElo "813"]
[BlackElo "1095"]
[WhiteTeam "SK Neumarkt"]
[BlackTeam "SG Leipzig"]
[PlyCount "90"]
[WhiteFideId "16217241"]
[BlackFideId "16217160"]
[EventCountry "GER"]
[EventRounds "7"]
[EventType "team-swiss"]
[EventDate "2017.12.26"]

1. e4 d6 2. Nf3 Nf6 3. Nc3 g6 4. d4 Nc6 5. Bd3 Bg7 6. Bg5 h6 7. Be3 O-O 8. O-O
b6 9. a3 Bb7 10. e5 dxe5 11. dxe5 Ng4 12. Qd2 Nxe3 13. Qxe3 Kh7 14. e6 f5 15.
Rad1 Qe8 16. Nb5 Rc8 17. Qf4 Rb8 18. Nxc7 Qc8 19. Nd5 Qxe6 20. Bc4 Qc8 21. Qh4
Bf6 22. Nxf6+ Rxf6 23. Ng5+ Kg7 24. Nh3 Ne5 25. Nf4 Qxc4 26. b3 Qc6 27. Rd5 g5
28. Qg3 Kf7 29. Rxe5 gxf4 30. Qh3 Rg8 31. Qh5+ Kf8 32. f3 Qxc2 33. Rf2 Qd1+ 34.
Re1 Qxe1+ 35. Rf1 Qe2 36. g3 fxg3 37. Qh3 Bxf3 38. hxg3 Bg2 39. Qxg2 Qe3+ 40.
Rf2 Rxg3 41. b4 Rxg2+ 42. Kxg2 Rg6+ 43. Kf1 Qc1+ 44. Ke2 Qc2+ 45. Kf1 Qd1# 0-1

[Event "DVM U14w 2017"]
[Site "Neumünster GER"]
[Date "2017.12.27"]
[Round "2"]
[White "Werner, Rosalie"]
[Black "Ziegenfuß, Larissa"]
[Result "1/2-1/2"]
[Termination "normal"]
[Board "7.1"]
[WhiteElo "1546"]
[BlackElo "1691"]
[WhiteTeam "VSG 1880 Offenbach"]
[BlackTeam "SG Blau-Weiß Stadtilm"]
[PlyCount "43"]
[WhiteFideId "16223748"]
[BlackFideId "12974722"]
[EventCountry "GER"]
[EventRounds "7"]
[EventType "team-swiss"]
[EventDate "2017.12.26"]

1. e4 c5 2. Nf3 e6 3. d4 cxd4 4. Nxd4 Nc6 5. Be3 Nf6 6. Nc3 Qc7 7. Be2 Bb4 8.
f3 a6 9. O-O O-O 10. Kh1 d6 11. a3 Bc5 12. Qd2 b5 13. Rad1 Bb7 14. f4 Rad8 15.
b4 Bb6 16. Qe1 Rc8 17. Ncxb5 axb5 18. Nxb5 Qd8 19. Rxd6 Bxe3 20. Rxd8 Rfxd8 21.
Qg3 Bb6 22. Bd3 1/2-1/2

[Event "DVM U14w 2017"]
[Site "Neumünster GER"]
[Date "2017.12.27"]
[Round "2"]
[White "Pflugradt, Natalie"]
[Black "Buchholz, Maja"]
[Result "1-0"]
[Termination "normal"]
[Board "7.2"]
[WhiteElo "1420"]
[BlackElo "1266"]
[WhiteTeam "SG Blau-Weiß Stadtilm"]
[BlackTeam "VSG 1880 Offenbach"]
[PlyCount "81"]
[WhiteFideId "16212444"]
[BlackFideId "16200500"]
[EventCountry "GER"]
[EventRounds "7"]
[EventType "team-swiss"]
[EventDate "2017.12.26"]

1. e4 c5 2. Nc3 d6 3. f4 Nc6 4. Nf3 g6 5. g3 Bg7 6. d3 Bg4 7. Bg2 Nf6 8. Be3
Qb6 9. Qc1 O-O 10. O-O Qc7 11. h3 Bd7 12. g4 Rab8 13. Ne2 b5 14. Ng3 a5 15. g5
Ne8 16. f5 Qc8 17. Nh2 Ne5 18. h4 a4 19. Rb1 Bc6 20. Qd1 Qa6 21. Ng4 Nxg4 22.
Qxg4 Nc7 23. f6 exf6 24. gxf6 Bh8 25. Nf5 Bxf6 26. Nh6+ Kg7 27. Qg3 Bd7 28. Ng4
Ne8 29. Bh6+ Kg8 30. Nxf6+ Nxf6 31. Rxf6 Rfe8 32. Rxd6 Qc8 33. Qf4 Qd8 34. Rf1
Qe7 35. Bg5 f6 36. Rxf6 Kh8 37. Rf7 Qe6 38. Bf6+ Kg8 39. Rg7+ Kf8 40. Be5+ Qf5
41. exf5 1-0

[Event "DVM U14w 2017"]
[Site "Neumünster GER"]
[Date "2017.12.27"]
[Round "2"]
[White "Dixon, Laura Michaela"]
[Black "Schmidt, Pauline"]
[Result "1-0"]
[Termination "normal"]
[Board "7.3"]
[WhiteElo "1105"]
[BlackElo "1271"]
[WhiteTeam "VSG 1880 Offenbach"]
[BlackTeam "SG Blau-Weiß Stadtilm"]
[PlyCount "59"]
[WhiteFideId "16248708"]
[BlackFideId "16209850"]
[EventCountry "GER"]
[EventRounds "7"]
[EventType "team-swiss"]
[EventDate "2017.12.26"]

1. e4 e5 2. Nf3 Nc6 3. Bc4 Bc5 4. c3 Nf6 5. d4 exd4 6. e5 Qe7 7. cxd4 Bb4+ 8.
Bd2 Bxd2+ 9. Nbxd2 Ng4 10. O-O O-O 11. Re1 Na5 12. Bd3 Kh8 13. Qc2 Nc6 14. Bxh7
g6 15. Bxg6 fxg6 16. Qxg6 Rg8 17. Qh5+ Qh7 18. Qxh7+ Kxh7 19. h3 Nh6 20. Ne4
Kh8 21. Nf6 Rg7 22. Re4 Nf5 23. Nh4 Ncxd4 24. Rd1 Ne2+ 25. Kh2 Ned4 26. Nxf5
Nxf5 27. Rdd4 Re7 28. Rg4 Nh6 29. Rg6 Rxe5 30. Rh4 1-0

[Event "DVM U14w 2017"]
[Site "Neumünster GER"]
[Date "2017.12.27"]
[Round "2"]
[White "Wilhelm, Anna-Lena"]
[Black "Hentschker, Josefin"]
[Result "0-1"]
[Termination "normal"]
[Board "7.4"]
[WhiteElo "1122"]
[BlackElo "1111"]
[WhiteTeam "SG Blau-Weiß Stadtilm"]
[BlackTeam "VSG 1880 Offenbach"]
[PlyCount "62"]
[WhiteFideId "16230094"]
[BlackFideId "16255810"]
[EventCountry "GER"]
[EventRounds "7"]
[EventType "team-swiss"]
[EventDate "2017.12.26"]

1. e4 e5 2. Nf3 Nc6 3. Bc4 Bc5 4. c3 Nf6 5. d4 exd4 6. cxd4 Bb6 7. Nc3 d6 8.
Bf4 Bg4 9. d5 Nd4 10. Be2 Nxe2 11. Qxe2 O-O 12. O-O c6 13. h3 Bxf3 14. Qxf3
cxd5 15. exd5 Re8 16. Nb5 Bc7 17. Rfe1 Qd7 18. Nc3 h6 19. Qg3 Kh8 20. h4 Nh5
21. Qf3 Nf6 22. Re2 Re7 23. Rae1 Rae8 24. Qg3 Nh5 25. Qh2 Nxf4 26. Qxf4 Ba5 27.
Qd4 Bxc3 28. Qxc3 Rxe2 29. Rd1 Qf5 30. Rf1 Qxd5 31. a3 Qd2 0-1

[Event "DVM U14w 2017"]
[Site "Neumünster GER"]
[Date "2017.12.27"]
[Round "2"]
[White "Wagner, Victoria"]
[Black "Rothenberg, Nina"]
[Result "1/2-1/2"]
[Termination "normal"]
[Board "8.1"]
[WhiteElo "1560"]
[BlackElo "1587"]
[WhiteTeam "Erfurter SK"]
[BlackTeam "TuRa Harksheide Norderstedt"]
[PlyCount "65"]
[WhiteFideId "16232348"]
[BlackFideId "16208943"]
[EventCountry "GER"]
[EventRounds "7"]
[EventType "team-swiss"]
[EventDate "2017.12.26"]

1. e4 e6 2. Nf3 d5 3. e5 c5 4. b4 b6 5. c3 Nc6 6. d4 cxb4 7. Bd3 Qc7 8. Bd2 a5
9. O-O Ba6 10. Bxa6 Rxa6 11. a3 Qb7 12. axb4 axb4 13. Rxa6 Qxa6 14. Qb3 Qb5 15.
cxb4 Bxb4 16. Rc1 Nge7 17. Na3 Qa5 18. Bxb4 Qxb4 19. Rb1 Qxb3 20. Rxb3 Nc8 21.
Nb5 Na5 22. Rc3 O-O 23. Nd2 Ne7 24. Nd6 Rb8 25. Nb3 Nxb3 26. Rxb3 Nc8 27. Nb5
Kf8 28. Kf1 Ke7 29. Rc3 Kd8 30. Rc7 Ne7 31. Ke2 Ke8 32. Kd3 Nf5 33. f4 1/2-1/2

[Event "DVM U14w 2017"]
[Site "Neumünster GER"]
[Date "2017.12.27"]
[Round "2"]
[White "Wagner, Margarethe"]
[Black "Foos, Vanessa"]
[Result "1-0"]
[Termination "normal"]
[Board "8.3"]
[WhiteElo "1490"]
[BlackElo "1207"]
[WhiteTeam "Erfurter SK"]
[BlackTeam "TuRa Harksheide Norderstedt"]
[PlyCount "61"]
[WhiteFideId "16236947"]
[BlackFideId "16245270"]
[EventCountry "GER"]
[EventRounds "7"]
[EventType "team-swiss"]
[EventDate "2017.12.26"]

1. e4 e5 2. Nf3 Nc6 3. Bb5 Bc5 4. c3 Nf6 5. d3 d6 6. h3 Bd7 7. Nbd2 O-O 8. Nf1
a6 9. Ba4 Ne7 10. Bc2 Bc6 11. Ng3 Ng6 12. O-O h6 13. d4 exd4 14. cxd4 Bb6 15.
Bd2 d5 16. Bb4 Re8 17. e5 Nd7 18. Qd2 Nh4 19. Nh2 Qg5 20. Qxg5 hxg5 21. Rad1 f6
22. f4 gxf4 23. Rxf4 Ng6 24. Bxg6 Red8 25. e6 Nf8 26. e7 Rdc8 27. exf8=Q+ Rxf8
28. Bxf8 Rxf8 29. Nf5 Ba4 30. Ne7+ Kh8 31. Rh4# 1-0

[Event "DVM U14w 2017"]
[Site "Neumünster GER"]
[Date "2017.12.27"]
[Round "2"]
[White "Rößl, Sara"]
[Black "Westerhoff, Emily"]
[Result "0-1"]
[Termination "normal"]
[Board "8.4"]
[WhiteElo "921"]
[BlackElo "879"]
[WhiteTeam "TuRa Harksheide Norderstedt"]
[BlackTeam "Erfurter SK"]
[PlyCount "120"]
[WhiteFideId "16255828"]
[BlackFideId "16255798"]
[EventCountry "GER"]
[EventRounds "7"]
[EventType "team-swiss"]
[EventDate "2017.12.26"]

1. e4 c5 2. Nf3 Nc6 3. Bc4 g6 4. Nc3 Bg7 5. d3 d6 6. Bg5 Nf6 7. O-O O-O 8. Qd2
Re8 9. Bh6 Bh8 10. Ng5 e6 11. Rae1 Rb8 12. Re3 a6 13. Rh3 b5 14. Bb3 a5 15. a3
a4 16. Ba2 Nd4 17. Re1 Rb7 18. Qf4 e5 19. Qh4 Bxh3 20. Bxf7+ Rxf7 21. Nxf7 Kxf7
22. Qxh3 Qd7 23. Qg3 Nxc2 24. Rd1 Nd4 25. Be3 Qe6 26. Rf1 Qb3 27. Bxd4 cxd4 28.
Nd1 Rc8 29. h3 Rc1 30. Qf3 Bg7 31. Kh2 Rc2 32. h4 Rd2 33. g4 Rxd3 34. Qg2 Rxd1
35. Rg1 Rxg1 36. Kxg1 Qd1+ 37. Kh2 Nxg4+ 38. Kh3 Qe2 39. Qxg4 Qxg4+ 40. Kxg4 d3
41. Kf3 Bf6 42. Ke3 Bxh4 43. f3 h5 44. Kxd3 Bg3 45. Ke2 h4 46. Kf1 h3 47. Kg1
h2+ 48. Kh1 g5 49. Kg2 Kg6 50. Kh1 Kh5 51. Kg2 g4 52. Kh1 gxf3 53. b4 f2 54.
Kg2 f1=Q+ 55. Kxf1 h1=Q+ 56. Ke2 Qxe4+ 57. Kf1 Kg4 58. Kg1 Qe1+ 59. Kg2 Qf2+
60. Kh1 Qh2# 0-1

[Event "DVM U14w 2017"]
[Site "Neumünster GER"]
[Date "2017.12.27"]
[Round "2"]
[White "Karlinger De la Quintana, Ainhoa"]
[Black "Doll, Rebecca"]
[Result "0-1"]
[Termination "normal"]
[Board "9.1"]
[WhiteElo "1436"]
[BlackElo "1496"]
[WhiteTeam "SC Vaterstetten"]
[BlackTeam "Karlsruher SF"]
[PlyCount "102"]
[WhiteFideId "16217268"]
[BlackFideId "16236890"]
[EventCountry "GER"]
[EventRounds "7"]
[EventType "team-swiss"]
[EventDate "2017.12.26"]

1. c4 e6 2. Nc3 d5 3. cxd5 exd5 4. g3 Nf6 5. Bg2 c6 6. d3 Nbd7 7. Bf4 Be7 8.
Nf3 O-O 9. O-O Nc5 10. Rc1 Re8 11. Qc2 Bd6 12. Bxd6 Qxd6 13. Rfd1 d4 14. Nb1
Ne6 15. Nbd2 Bd7 16. Nb3 Rac8 17. Kf1 c5 18. Nfd2 b6 19. Ne4 Nxe4 20. Bxe4 Ng5
21. Bg2 Bc6 22. Bxc6 Qxc6 23. f3 Qe6 24. Re1 Re7 25. Nd2 f5 26. Qc4 Rce8 27.
Qxe6+ Rxe6 28. h4 Nf7 29. Kf2 g6 30. a3 a5 31. Nc4 h6 32. e4 dxe3+ 33. Rxe3 g5
34. Rxe6 Rxe6 35. Rd1 a4 36. Re1 Rc6 37. Ne5 Re6 38. Nxf7 Kxf7 39. Rxe6 Kxe6
40. Ke2 Kd5 41. hxg5 hxg5 42. Kd1 Kd4 43. Ke2 f4 44. g4 b5 45. Kd2 c4 46. dxc4
bxc4 47. Ke2 c3 48. bxc3+ Kxc3 49. Kd1 Kd3 50. Kc1 Ke3 51. Kd1 Kxf3 0-1

[Event "DVM U14w 2017"]
[Site "Neumünster GER"]
[Date "2017.12.27"]
[Round "2"]
[White "Schulz, Hannah"]
[Black "Schmitt, Xenia"]
[Result "1-0"]
[Termination "normal"]
[Board "9.2"]
[WhiteElo "1478"]
[BlackElo "1065"]
[WhiteTeam "Karlsruher SF"]
[BlackTeam "SC Vaterstetten"]
[PlyCount "39"]
[WhiteFideId "16244745"]
[BlackFideId "16241614"]
[EventCountry "GER"]
[EventRounds "7"]
[EventType "team-swiss"]
[EventDate "2017.12.26"]

1. e4 c5 2. Nf3 Nc6 3. d4 cxd4 4. Nxd4 Nf6 5. Nc3 e5 6. Nf5 g6 7. Nd6+ Bxd6 8.
Qxd6 Nd4 9. Qxe5+ Ne6 10. Bg5 d6 11. Qxf6 Nxg5 12. Qxh8+ Ke7 13. Nd5+ Kd7 14.
Bb5+ Ke6 15. Qxd8 Nxe4 16. Qe7+ Kxd5 17. Qxf7+ Kc5 18. Qc4+ Kb6 19. a4 Nf6 20.
a5# 1-0

[Event "DVM U14w 2017"]
[Site "Neumünster GER"]
[Date "2017.12.27"]
[Round "2"]
[White "Röll, Laura"]
[Black "Chung, Dana"]
[Result "0-1"]
[Termination "normal"]
[Board "9.3"]
[WhiteElo "1006"]
[BlackElo "1282"]
[WhiteTeam "SC Vaterstetten"]
[BlackTeam "Karlsruher SF"]
[PlyCount "82"]
[WhiteFideId "16213394"]
[BlackFideId "16235290"]
[EventCountry "GER"]
[EventRounds "7"]
[EventType "team-swiss"]
[EventDate "2017.12.26"]

1. e4 c6 2. d4 d5 3. Nc3 dxe4 4. Nxe4 Bf5 5. Nc3 Nf6 6. Nf3 Nbd7 7. Bc4 e6 8.
Bf4 Bb4 9. O-O O-O 10. Ne5 Nxe5 11. dxe5 Qxd1 12. Raxd1 Nd5 13. Bxd5 cxd5 14.
Ne2 Bxc2 15. Rc1 Bd3 16. f3 Bxe2 17. Rfe1 Bxe1 18. Rxe1 Bc4 19. a3 Rfc8 20. b4
a5 21. Be3 axb4 22. axb4 Ra3 23. Bd2 Bb5 24. Kf2 Rc2 25. Rd1 Rb3 26. Ra1 Rxd2+
27. Kg3 f6 28. exf6 gxf6 29. Rc1 Rxb4 30. Rc8+ Kg7 31. Rc7+ Kg6 32. Rxb7 d4 33.
Rb8 d3 34. Rg8+ Kf7 35. Rg4 Rxg4+ 36. Kxg4 Rxg2+ 37. Kh3 Rg1 38. f4 d2 39. f5
d1=Q 40. fxe6+ Kxe6 41. Kh4 Qg4# 0-1

[Event "DVM U14w 2017"]
[Site "Neumünster GER"]
[Date "2017.12.27"]
[Round "2"]
[White "Shevchenko, Alyona"]
[Black "Spreen, Merle"]
[Result "1-0"]
[Termination "normal"]
[Board "9.4"]
[WhiteElo "1176"]
[BlackElo "866"]
[WhiteTeam "Karlsruher SF"]
[BlackTeam "SC Vaterstetten"]
[PlyCount "103"]
[WhiteFideId "12983420"]
[BlackFideId "16241606"]
[EventCountry "GER"]
[EventRounds "7"]
[EventType "team-swiss"]
[EventDate "2017.12.26"]

1. e4 e5 2. Nf3 Nc6 3. Nc3 Nf6 4. Bb5 Bb4 5. Bxc6 bxc6 6. d3 Ng4 7. h3 Nf6 8.
Nxe5 O-O 9. Bg5 h6 10. Bh4 d6 11. Nxc6 Bxc3+ 12. bxc3 Qe8 13. Nd4 c5 14. Bxf6
gxf6 15. Nf3 f5 16. Qe2 Qe6 17. O-O Kh7 18. Rfe1 Qg6 19. exf5 Bxf5 20. Nh4 Qg5
21. Nxf5 Qxf5 22. Qe4 Qg6 23. Qxg6+ Kxg6 24. Re7 Rfe8 25. Rxe8 Rxe8 26. Kf1 f5
27. Rb1 Re7 28. Rb8 f4 29. f3 a5 30. Ra8 c4 31. Rxa5 cxd3 32. cxd3 Re3 33. Rd5
Re6 34. a4 Kf6 35. a5 Ke7 36. a6 Kd7 37. a7 Re8 38. Rh5 Ra8 39. Rxh6 Rxa7 40.
Rh7+ Kc6 41. Rxa7 Kd5 42. h4 Ke6 43. h5 Ke5 44. h6 d5 45. h7 d4 46. h8=Q+ Kf5
47. Qxd4 Kg5 48. Rf7 Kg6 49. Qxf4 Kh5 50. Qg3 Kh6 51. Rg7 Kh5 52. Qg5# 1-0

[Event "DVM U14w 2017"]
[Site "Neumünster GER"]
[Date "2017.12.27"]
[Round "2"]
[White "Sinner, Joselyne"]
[Black "Kirschner, Elena"]
[Result "1-0"]
[Termination "normal"]
[Board "10.2"]
[WhiteElo "1652"]
[BlackElo "1346"]
[WhiteTeam "SG Porz"]
[BlackTeam "SV SF Friedrichshagen"]
[PlyCount "51"]
[WhiteFideId "16210387"]
[BlackFideId "16205804"]
[EventCountry "GER"]
[EventRounds "7"]
[EventType "team-swiss"]
[EventDate "2017.12.26"]

1. e4 e6 2. d4 d5 3. Nc3 Bb4 4. Bd3 Ne7 5. Bg5 f6 6. Bf4 O-O 7. Nge2 Nd7 8. Qd2
c5 9. dxc5 Nxc5 10. a3 dxe4 11. axb4 exd3 12. bxc5 dxe2 13. Qxe2 Qd4 14. Bd6
Re8 15. Ra4 Qxa4 16. Nxa4 Bd7 17. Qc4 b5 18. Qe4 f5 19. Qb7 Bc6 20. Qc7 Rac8
21. Qxa7 Ra8 22. Qb6 Rxa4 23. O-O Bd5 24. Bxe7 Rxe7 25. Qxb5 Rea7 26. Qe8# 1-0

[Event "DVM U14w 2017"]
[Site "Neumünster GER"]
[Date "2017.12.27"]
[Round "2"]
[White "Kessen, Fanny"]
[Black "Ramien, Hannah"]
[Result "1-0"]
[Termination "normal"]
[Board "10.3"]
[WhiteElo "1203"]
[BlackElo "1351"]
[WhiteTeam "SV SF Friedrichshagen"]
[BlackTeam "SG Porz"]
[PlyCount "51"]
[WhiteFideId "16217357"]
[BlackFideId "16209982"]
[EventCountry "GER"]
[EventRounds "7"]
[EventType "team-swiss"]
[EventDate "2017.12.26"]

1. e4 e5 2. Nf3 Nc6 3. Bc4 Nf6 4. d3 Be7 5. c3 d6 6. Bb3 O-O 7. O-O a6 8. Nbd2
b5 9. Re1 Na5 10. Bc2 c5 11. a3 Nc6 12. Nf1 Re8 13. Ng3 Bf8 14. h3 h6 15. Bb3
Bb7 16. Nh4 Ne7 17. Ngf5 Nxf5 18. Nxf5 d5 19. Qf3 dxe4 20. dxe4 Nh5 21. Qxh5 c4
22. Ba2 Qb6 23. a4 Kh7 24. Qxf7 Kh8 25. b3 cxb3 26. Bxb3 1-0

[Event "DVM U14w 2017"]
[Site "Neumünster GER"]
[Date "2017.12.27"]
[Round "2"]
[White "Popovidi, Angeliki"]
[Black "de Veer, Mara"]
[Result "0-1"]
[Termination "normal"]
[Board "10.4"]
[WhiteElo "726"]
[BlackElo "1207"]
[WhiteTeam "SG Porz"]
[BlackTeam "SV SF Friedrichshagen"]
[PlyCount "80"]
[WhiteFideId "16255844"]
[BlackFideId "16217349"]
[EventCountry "GER"]
[EventRounds "7"]
[EventType "team-swiss"]
[EventDate "2017.12.26"]

1. e4 c5 2. Nf3 d6 3. Nc3 Nf6 4. h3 g6 5. Bb5+ Bd7 6. d3 a6 7. Bxd7+ Nbxd7 8.
O-O Bg7 9. Be3 O-O 10. d4 cxd4 11. Qxd4 Ng4 12. Qd2 Nxe3 13. Qxe3 b5 14. Nd5 e6
15. Nc3 b4 16. Nd1 a5 17. Rb1 a4 18. a3 bxa3 19. Qxa3 Nc5 20. b4 axb3 21. Qc1
b2 22. Nxb2 Nxe4 23. Qe3 Nc5 24. Rfd1 Qc7 25. Nc4 d5 26. Nb6 Rab8 27. Qxc5 Qxc5
28. Nd7 Qc7 29. Nxb8 Rxb8 30. Rbc1 Bb2 31. Rb1 Qxc2 32. Nd2 Be5 33. Rdc1 Qxd2
34. g3 Rxb1 35. Rxb1 Bd4 36. Rd1 Qxd1+ 37. Kg2 Qe2 38. h4 Qxf2+ 39. Kh3 Be5 40.
h5 Qxg3# 0-1